Estadística Matemática (Registro nro. 1328)
[ vista simple ]
| 000 -LEADER | |
|---|---|
| fixed length control field | 01025 a2200205 4500 |
| 001 - CONTROL NUMBER | |
| control field | 25220 |
| 005 - DATE AND TIME OF LATEST TRANSACTION | |
| control field | 20260407155536.0 |
| 008 - FIXED-LENGTH DATA ELEMENTS--GENERAL INFORMATION | |
| fixed length control field | 260407a arg spa d |
| 003 - CONTROL NUMBER IDENTIFIER | |
| control field | AR-UNSa-BCEJYS |
| 040 ## - CATALOGING SOURCE | |
| Original cataloging agency | AR-UNSa-BCEJYS |
| Language of cataloging | spa |
| Transcribing agency | AR-UNSa-BCEJYS |
| 080 ## - UNIVERSAL DECIMAL CLASSIFICATION NUMBER | |
| Universal Decimal Classification number | 519.2 |
| Common auxiliary subdivision | Probabilidades y estadística matemática<br/> |
| 100 1# - MAIN ENTRY--PERSONAL NAME | |
| Personal name | Aitken, A.C. |
| 245 10 - TITLE STATEMENT | |
| Title | Estadística Matemática |
| 264 #1 - PRODUCTION, PUBLICATION, DISTRIBUTION, MANUFACTURE, AND COPYRIGHT NOTICE | |
| Place of production, publication, distribution, manufacture | Madrid : |
| Name of producer, publisher, distributor, manufacturer | Dossat |
| 300 ## - PHYSICAL DESCRIPTION | |
| Extent | 166 p. |
| Dimensions | 22 cm. |
| 505 ## - FORMATTED CONTENTS NOTE | |
| Formatted contents note | 1. La estadística como ciencia : axiomas de probabilidad - 2. Distribuciones de probabilidad y frecunecia representación grafica. Cálculo de momentos - 3. Distribuciones de probabilidad especiales - 4. Ajuste practico de curvas con curvas standars - 5. Probabilidad y frecuencia con dos variables - 6. Método de los minimos cuadrados correlación en varias variables.regresión polinómica y armónica - 7. Distribuciones de probabilidad de los coeficientes estadísticos. |
| 590 ## - LOCAL NOTE (RLIN) | |
| Local note | niveau_biblio:m niveau_hierar:0 |
| 700 1# - ADDED ENTRY--PERSONAL NAME | |
| Personal name | López Gali, E. |
| 942 ## - ADDED ENTRY ELEMENTS (KOHA) | |
| Koha item type | |
| Withdrawn status | Lost status | Damaged status | Not for loan | Home library | Current library | Shelving location | Date acquired | Total checkouts | Full call number | Barcode | Date last seen | Price effective from | Koha item type |
|---|---|---|---|---|---|---|---|---|---|---|---|---|---|
| Biblioteca Prof. Eusebio Cleto del Rey | Biblioteca Prof. Eusebio Cleto del Rey | 07/04/2026 | 519.2 A311 | L20573 | 07/04/2026 | 07/04/2026 | Libro |